Las conquistas del Islam.

Guardado en:
Formato: Deslizar
Series:Erase una vez el hombre
Materias:
Etiquetas: Agregar Etiqueta
Sin Etiquetas, Sea el primero en etiquetar este registro!
LEADER 00785ngm a22002055g 4500
001 CEM.cems022449
008 130507b2000##################0###0#####d
005 20241104145711.0
245 0 0 |a Las conquistas del Islam. 
300 |a 22'. 
490 0 |a Erase una vez el hombre 
500 |a En soporte VHS, consultar en ventanilla. 
538 |a Soporte: VHS - Norma: Pal N - Color: Si - Grabación DRD 2000 - Hitachi=2790 
505 0 |a La guerra de Bizancio contra Persia. Las conquistas de Mahoma. El Islam. Fundamentos de la fe islámica. La construcción del Imperio. Expansión por todo el mundo antiguo. 
082 9 4 |/ ERA 
653 |a HISTORIA 
653 |a EDAD MEDIA 
653 |a ISLAM 
653 |a MAHOMA 
859 |a CEMS  |b BIB. CEMS - Depto. Recursos Didacticos  |h 940  |i ERA  |k DRD  |p 1092.12  |t Ej.1